Multimedia-based instructional design : (Record no. 6169)

MARC details
000 -LEADER
fixed length control field 02377cam a22002054a 4500
020 ## - INTERNATIONAL STANDARD BOOK NUMBER
ISBN 0787951595 (acidfree paper)
022 ## - INTERNATIONAL STANDARD SERIAL NUMBER
ISSN 9780787951597
050 00 - CALL NUMBER
Classification number HF5549.5.T7
Item number L51
100 1# - AUTHOR
Personal name Lee, William W.
245 10 - TITLE
Title Multimedia-based instructional design :
Remainder of title computer-based training, Web-based training, distance broadcast training /
Statement of responsibility, etc William W. Lee, Diana L. Owens.
260 ## - PUBLICATION INFORMATION
Place of publication San Francisco :
Name of publisher Jossey-Bass/Pfeiffer,
Year of publication c2000.
300 ## - DESCRIPTION
Number of Pages xix, 359 p. :
Other physical details ill. ;
Dimensions 24 cm. +
Accompanying material 1 computer disk (4 3/4 in.)
500 ## - NOTES
General note Includes index
505 ## - FORMATTED CONTENTS NOTE
Table of Content List of Figures and Tables.<br/> Acknowledgments. Introduction: Getting the Most from This Resource. <br/>PART ONE: Multimedia Needs Assessment and Analysis. <br/>1. Introduction to Multimedia Needs Assessment and Front-End Analysis.<br/> 2. Needs Assessment. <br/>3. Front-End Analysis. <br/>4. Audience Analysis. <br/>5. Technology Analysis. <br/>6. Situational Analysis. <br/>7. Task Analysis. <br/>8. Critical Incident Analysis. <br/>9. Issue Analysis. <br/>10. Objective Analysis. <br/>11. Media Analysis. <br/>12. Extant Data Analysis. <br/>13. Cost Analysis. <br/>14. Rapid Analysis Method. <br/>PART TWO: Multimedia Instructional Design.<br/> 15. Introduction to Multimedia Instructional Design. <br/>16. Project Schedule. <br/>17. Project Team. <br/>18. Media Specifications. <br/>19. Content Structure. <br/>20. Configuration Control. <br/>PART THREE: Multimedia Development and Implementation. <br/>21. Introduction to Multimedia Development. <br/>22. Common Development Components. <br/>23. Developing Computer-Based Learning Environments. <br/>24. Developing Internet, Intranet, Web-Based, and Performance Support Learning Environments. <br/>25. Developing Interactive Distance Broadcast Environments. <br/>PART FOUR: Multimedia Evaluation. <br/>26. Introduction to Multimedia Evaluation. <br/>27. Purpose of Evaluation. <br/>28. Evaluation Strategy. <br/>29. Evaluation Plan. <br/>30. Measures of Validity. <br/>31. Instrument Development.<br/>32. Collecting and Analyzing Data. <br/>APPENDIX A: Project Management and Xegy™ Case Studies. APPENDIX B: Assessment and Analysis. <br/>APPENDIX C: Development and Implementation. <br/>APPENDIX D: Evaluation. <br/>APPENDIX E: Tools. References. <br/>Index<br/>About the Authors.<br/>How to Use the CD-ROM.
650 #0 - SUBJECTS
Topical Term Employees
General subdivision Training of
-- Planning.
650 #0 - SUBJECTS
Topical Term Computer-assisted instruction.
650 #0 - SUBJECTS
Topical Term Instructional systems
General subdivision Design.
700 1# - OTHER AUTHORS
Personal name Owens, Diana L.,
942 ## - ADDED ENTRY ELEMENTS (KOHA)
Koha item type Books
Holdings
Withdrawn status Lost status Collection code Home library Current library Shelving location Date acquired Source of acquisition Full call number Accession Number Koha item type
    Reference Methodist University Library Main Methodist University Library Main General Stacks 11/07/2013 Donation HF5549.5.T7 L51 38045 Books
Copyright © 2026  MUG Library